<?xml version="1.0" encoding="UTF-8"?>
<record
    xmlns:xsi="http://www.w3.org/2001/XMLSchema-instance"
    xsi:schemaLocation="http://www.loc.gov/MARC21/slim http://www.loc.gov/standards/marcxml/schema/MARC21slim.xsd"
    xmlns="http://www.loc.gov/MARC21/slim">

  <leader>03237cam a22003018i 4500</leader>
  <controlfield tag="001">24021399</controlfield>
  <controlfield tag="005">20250509085247.0</controlfield>
  <controlfield tag="008">250206s2025    enk      b    001 0 eng  </controlfield>
  <datafield tag="010" ind1=" " ind2=" ">
    <subfield code="a">  2024058291</subfield>
  </datafield>
  <datafield tag="020" ind1=" " ind2=" ">
    <subfield code="a">9781398617179</subfield>
    <subfield code="q">(paperback)</subfield>
  </datafield>
  <datafield tag="040" ind1=" " ind2=" ">
    <subfield code="a">DLC</subfield>
    <subfield code="b">eng</subfield>
    <subfield code="e">rda</subfield>
    <subfield code="c">DLC</subfield>
  </datafield>
  <datafield tag="042" ind1=" " ind2=" ">
    <subfield code="a">pcc</subfield>
  </datafield>
  <datafield tag="050" ind1="0" ind2="0">
    <subfield code="a">HD30.2</subfield>
    <subfield code="b">.C728 2025</subfield>
  </datafield>
  <datafield tag="100" ind1=" " ind2=" ">
    <subfield code="a">Chen, Bowei,</subfield>
    <subfield code="e">author.</subfield>
    <subfield code="9">25177</subfield>
  </datafield>
  <datafield tag="245" ind1="1" ind2="0">
    <subfield code="a">Business analytics with Python </subfield>
    <subfield code="b">: essential skills for business students </subfield>
    <subfield code="c">/ Bowei Chen and Gerhard Kling.</subfield>
  </datafield>
  <datafield tag="264" ind1=" " ind2="1">
    <subfield code="a">London ;</subfield>
    <subfield code="a">New York, NY :</subfield>
    <subfield code="b">Kogan Page Limted,</subfield>
    <subfield code="c">2025.</subfield>
  </datafield>
  <datafield tag="300" ind1=" " ind2=" ">
    <subfield code="a">440 pages ; 24 cm</subfield>
  </datafield>
  <datafield tag="504" ind1=" " ind2=" ">
    <subfield code="a">Includes bibliographical references and index.</subfield>
  </datafield>
  <datafield tag="505" ind1=" " ind2=" ">
    <subfield code="a">Mathematical foundations of business analytics &#x2014; Getting started with Python &#x2014; Data wrangling &#x2014; Data visualization &#x2014; Linear regression &#x2014; Logistic regression &#x2014; Neural networks &#x2014; K-nearest neighbours &#x2014; Na&#xEF;ve Bayes &#x2014; Tree-based methods &#x2014; Support vector machines &#x2014; Principal component analysis &#x2014; Cluster analysis &#x2014; Modelling supply chains &#x2013; use cases &#x2014; User interfaces and web applications &#x2014; Answers to exercises.</subfield>
  </datafield>
  <datafield tag="520" ind1=" " ind2=" ">
    <subfield code="a">For business school students learning about business analytics, and business professionals seeking practical guidance concerning the skills and techniques that business analytics require, this comprehensive volume is quite simply a must-read. It goes beyond mere theory to illuminate the practical uses of business analytics applicable to real-world situations. This volume is thoughtful, intelligent, well-written and curated, yet readily accessible, providing clear explanations and pertinent insights, while ensuring that the mathematical content remains at a level that readers can understand. I have found it to be invaluable and illuminating, making business analytics intelligible to the interested reader who may not yet be familiar with all that business analytics has to offer.Professor Mairi Maclean, Professor of International Business, School of Management, University of Bath, UK</subfield>
    <subfield code="c">Provided by publisher.</subfield>
  </datafield>
  <datafield tag="520" ind1=" " ind2=" ">
    <subfield code="a">Data-driven decision-making is a fundamental component of business success. Use this textbook to help you learn and understand the core knowledge and techniques needed for analysing business data with Python programming.

Business Analytics with Python is ideal for students taking upper level undergraduate and postgraduate modules on analytics as part of their business, management or finance degrees. It assumes no prior knowledge or experience in computer science, instead presenting the technical aspects of the subject in an accessible, introductory way for students. This book takes a holistic approach to business analytics, covering not only Python as well as mathematical and statistical concepts, essential machine learning methods and their applications.</subfield>
  </datafield>
  <datafield tag="650" ind1=" " ind2="0">
    <subfield code="a"> Management </subfield>
    <subfield code="x"> Data processing</subfield>
    <subfield code="9">11041</subfield>
  </datafield>
  <datafield tag="650" ind1=" " ind2="0">
    <subfield code="a">Decision making</subfield>
    <subfield code="x">Data processing.</subfield>
  </datafield>
  <datafield tag="650" ind1=" " ind2="0">
    <subfield code="a">Python (Computer program language)</subfield>
    <subfield code="9">13080</subfield>
  </datafield>
  <datafield tag="700" ind1=" " ind2=" ">
    <subfield code="a">Kling, Gerhard</subfield>
    <subfield code="c">(Professor of finance),</subfield>
    <subfield code="e">author.</subfield>
  </datafield>
  <datafield tag="776" ind1="0" ind2="8">
    <subfield code="i">Online version:</subfield>
    <subfield code="a">Chen, Bowei.</subfield>
    <subfield code="t">Business analytics with Python</subfield>
    <subfield code="d">London ; New York, NY : Kogan Page Limted, 2025</subfield>
    <subfield code="z">9781398617278</subfield>
    <subfield code="w">(DLC) 2024058292</subfield>
  </datafield>
  <datafield tag="942" ind1=" " ind2=" ">
    <subfield code="2">lcc</subfield>
  </datafield>
  <datafield tag="952" ind1=" " ind2=" ">
    <subfield code="0">0</subfield>
    <subfield code="1">0</subfield>
    <subfield code="2">lcc</subfield>
    <subfield code="4">0</subfield>
    <subfield code="7">0</subfield>
    <subfield code="a">TBS</subfield>
    <subfield code="b">TBS</subfield>
    <subfield code="d">2025-05-09</subfield>
    <subfield code="l">0</subfield>
    <subfield code="o">HD30.2 CHE</subfield>
    <subfield code="p">B05741</subfield>
    <subfield code="r">2025-05-09</subfield>
    <subfield code="t">1</subfield>
    <subfield code="w">2025-05-09</subfield>
    <subfield code="y">1</subfield>
  </datafield>
  <datafield tag="999" ind1=" " ind2=" ">
    <subfield code="c">4648</subfield>
    <subfield code="d">4648</subfield>
  </datafield>
</record>
